[Event "MVP-ch Seniors op 19th"]
[Site "Ostseebad Binz"]
[Date "2019.11.30"]
[Round "4"]
[White "Thielemann, Joachim"]
[Black "Baumast, Bernd"]
[Result "1/2-1/2"]
[WhiteElo "1757"]
[BlackElo "1521"]
[PlyCount "64"]
[EventDate "2019.11.27"]
[EventType "swiss"]
[EventRounds "9"]
[EventCountry "GER"]
[SourceTitle "EXT 2021"]
[Source "ChessBase"]
[SourceDate "2020.10.23"]
[SourceVersion "1"]
[SourceVersionDate "2020.10.23"]
[SourceQuality "1"]

1. e4 e6 2. d4 Nf6 3. Bd3 b6 4. Bg5 Be7 5. c3 Ba6 6. Nf3 Bxd3 7. Qxd3 0-0 8. h3 h6 9. Bh4 Nh5 10. Bxe7 Qxe7 11. g3 Nf6 12. Nbd2 d6 13. 0-0 Nbd7 14. Rfe1 Nh7 15. Kg2 Ng5 16. Rad1 Nxf3 17. Nxf3 Rac8 18. b3 Nf6 19. Qa6 c5 20. c4 Qc7 21. Qa3 Qc6 22. d5 exd5 23. exd5 Qd7 24. Re3 Rfe8 25. Rde1 Rxe3 26. Rxe3 Re8 27. Rxe8+ Qxe8 28. b4 Qe2 29. bxc5 bxc5 30. Qa6 Ne4 31. Qc8+ Kh7 32. Qf5+ Kg8 1/2-1/2

[Event "Rostock SSC op 18th"]
[Site "Rostock"]
[Date "2019.08.07"]
[Round "2"]
[White "Baumast, Bernd"]
[Black "Loesche, Marian"]
[Result "1-0"]
[WhiteElo "1523"]
[BlackElo "1733"]
[PlyCount "55"]
[EventDate "2019.08.07"]
[EventType "swiss"]
[EventRounds "7"]
[EventCountry "GER"]
[SourceTitle "EXT 2020"]
[Source "ChessBase"]
[SourceDate "2019.10.17"]
[SourceVersion "1"]
[SourceVersionDate "2019.10.17"]
[SourceQuality "1"]

1. d4 Nf6 2. Nc3 d5 3. Bg5 e6 4. e4 dxe4 5. Nxe4 Be7 6. Nxf6+ Bxf6 7. Bxf6 Qxf6 8. Nf3 0-0 9. Bd3 Nc6 10. c3 Bd7 11. 0-0 h6 12. Re1 Rad8 13. Qb3 b6 14. Qc2 Bc8 15. Be4 Ne7 16. Ne5 a5 17. Re3 g5 18. Ng4 Qf4 19. Nxh6+ Kg7 20. Rf3 Qd6 21. Qd2 Kxh6 22. Rf6+ Ng6 23. h4 Kg7 24. Qxg5 Rg8 25. Bxg6 Kf8 26. Rxf7+ Ke8 27. Rg7+ Kf8 28. Qf6# 1-0

[Event "Rostock SSC op 18th"]
[Site "Rostock"]
[Date "2019.08.07"]
[Round "1"]
[White "Onasch, Gunnar"]
[Black "Baumast, Bernd"]
[Result "1-0"]
[WhiteElo "1885"]
[BlackElo "1523"]
[PlyCount "69"]
[EventDate "2019.08.07"]
[EventType "swiss"]
[EventRounds "7"]
[EventCountry "GER"]
[SourceTitle "EXT 2020"]
[Source "ChessBase"]
[SourceDate "2019.10.17"]
[SourceVersion "1"]
[SourceVersionDate "2019.10.17"]
[SourceQuality "1"]

1. d4 e6 2. c4 c5 3. d5 Nf6 4. Nc3 a6 5. a4 Be7 6. Nf3 d6 7. e4 0-0 8. Be2 Nbd7 9. 0-0 exd5 10. cxd5 h6 11. Nd2 Ne8 12. f4 f5 13. exf5 Rxf5 14. Bg4 Rf8 15. Be6+ Kh8 16. Nde4 Ndf6 17. Qd3 Nc7 18. f5 Bd7 19. Qh3 b5 20. Nxf6 Bxf6 21. Bxh6 Nxe6 22. fxe6 Be8 23. Bg5+ Kg8 24. Bxf6 Rxf6 25. Rf3 Rh6 26. Qg3 b4 27. Ne4 Qh4 28. Qxh4 Rxh4 29. Nxd6 Bh5 30. Rf5 g6 31. Re5 Rd8 32. e7 Re8 33. Nxe8 g5 34. Nf6+ Kg7 35. Nxh5+ 1-0

[Event "Schleswig-Holstein-ch Seniors-B"]
[Site "Bad Segeberg"]
[Date "2018.03.29"]
[Round "9"]
[White "Wichmann, Gerd"]
[Black "Baumast, Bernd"]
[Result "1-0"]
[WhiteElo "1714"]
[BlackElo "1626"]
[PlyCount "111"]
[EventDate "2018.03.24"]
[EventType "swiss"]
[EventRounds "9"]
[EventCountry "GER"]
[SourceTitle "EXT 2023"]
[Source "ChessBase"]
[SourceDate "2022.10.05"]
[SourceVersion "1"]
[SourceVersionDate "2022.10.05"]
[SourceQuality "1"]

1. c4 e5 2. Nc3 Nf6 3. e3 b6 4. d4 exd4 5. exd4 Bb7 6. Nf3 Be7 7. Be2 0-0 8. 0-0 Ne4 9. Nxe4 Bxe4 10. b3 c6 11. Nd2 Bg6 12. Bh5 Bg5 13. Bxg6 fxg6 14. Ne4 Bxc1 15. Rxc1 d5 16. Nc3 Rf5 17. cxd5 cxd5 18. Qe2 Na6 19. Qxa6 Qd6 20. Rfe1 Qf4 21. Qe2 Qxd4 22. Nb5 Qf6 23. Qe6+ Qxe6 24. Rxe6 Raf8 25. f3 a6 26. Nd6 Rf4 27. Re8 d4 28. Rxf8+ Kxf8 29. Ne4 Rf5 30. Kf2 Ra5 31. Rc2 Rd5 32. Rd2 b5 33. Ng3 a5 34. Ne2 d3 35. Nf4 Rd6 36. Rxd3 Rc6 37. Rd2 a4 38. b4 Rc4 39. Nd3 Ke7 40. Re2+ Kd6 41. Ke3 Kd5 42. Rd2 Rc3 43. Ke2 Kc4 44. Ne5+ Kxb4 45. Kd1 Ka3 46. Rd3 Rxd3+ 47. Nxd3 Kxa2 48. Kc2 b4 49. Nxb4+ Ka3 50. Nd3 Ka2 51. Nf4 Ka1 52. Ne6 a3 53. Nxg7 a2 54. Ne6 g5 55. Nd4 g4 56. Nb3# 1-0

[Event "Schleswig Holstein-ch Seniors op 11th"]
[Site "Buesum"]
[Date "2017.09.15"]
[Round "8"]
[White "Baumast, Bernd"]
[Black "Cordsen, Heinrich"]
[Result "1/2-1/2"]
[WhiteElo "1583"]
[BlackElo "1722"]
[PlyCount "50"]
[EventDate "2017.09.08"]
[EventType "swiss"]
[EventRounds "9"]
[EventCountry "GER"]
[SourceTitle "EXT 2019"]
[Source "ChessBase"]
[SourceDate "2018.10.10"]
[SourceVersion "1"]
[SourceVersionDate "2018.10.10"]
[SourceQuality "1"]

1. b4 e5 2. Bb2 Bxb4 3. Bxe5 Nf6 4. e3 0-0 5. g3 d5 6. Bg2 Re8 7. Bb2 d4 8. Bxd4 Qxd4 9. c3 Qb6 10. cxb4 Qxb4 11. Nc3 Bf5 12. Nge2 Nbd7 13. 0-0 Bd3 14. Re1 Rad8 15. Nf4 Nc5 16. Nxd3 Nxd3 17. Re2 b6 18. Rb1 Qc4 19. Qb3 Qxb3 20. axb3 c5 21. Bc6 Re6 22. Bb5 Ne5 23. Rb2 Red6 24. Kg2 g5 25. f4 gxf4 1/2-1/2

[Event "Schleswig Holstein-ch Seniors op 11th"]
[Site "Buesum"]
[Date "2017.09.14"]
[Round "7"]
[White "Garms, Ilse"]
[Black "Baumast, Bernd"]
[Result "1/2-1/2"]
[WhiteElo "1759"]
[BlackElo "1583"]
[PlyCount "65"]
[EventDate "2017.09.08"]
[EventType "swiss"]
[EventRounds "9"]
[EventCountry "GER"]
[SourceTitle "EXT 2019"]
[Source "ChessBase"]
[SourceDate "2018.10.10"]
[SourceVersion "1"]
[SourceVersionDate "2018.10.10"]
[SourceQuality "1"]

1. d4 e6 2. Nf3 Nf6 3. e3 b6 4. Bd3 Bb7 5. Nbd2 c5 6. c3 Ba6 7. Bxa6 Nxa6 8. 0-0 cxd4 9. exd4 Be7 10. Ne5 0-0 11. Ndf3 h6 12. h3 Nb8 13. Be3 d6 14. Nd3 Nbd7 15. Qe2 Nh7 16. Bd2 Ng5 17. Rfe1 Nxf3+ 18. Qxf3 Bg5 19. Rad1 Bxd2 20. Rxd2 d5 21. Qg3 Nf6 22. f3 Qb8 23. Qe5 Qxe5 24. Nxe5 Rac8 25. g3 Rc7 26. h4 Nd7 27. f4 Nxe5 28. Rxe5 Re7 29. Rde2 Rfe8 30. f5 f6 31. Rxe6 Kf7 32. Kf2 Rxe6 33. fxe6+ 1/2-1/2

[Event "MVP-ch Seniors op 16th"]
[Site "Binz"]
[Date "2016.11.27"]
[Round "5.79"]
[White "Kuhnert, Werner Eberhard"]
[Black "Baumast, Bernd"]
[Result "0-1"]
[WhiteElo "1448"]
[BlackElo "1536"]
[PlyCount "54"]
[EventDate "2016.11.23"]
[EventType "swiss"]
[EventRounds "9"]
[EventCountry "GER"]
[SourceTitle "EXT 2018"]
[Source "ChessBase"]
[SourceDate "2017.10.13"]
[SourceVersion "1"]
[SourceVersionDate "2017.10.13"]
[SourceQuality "1"]

1. d4 b6 2. Nf3 Bb7 3. e3 Nf6 4. Nc3 e6 5. a3 Be7 6. Bd3 0-0 7. 0-0 c5 8. Re1 Qc7 9. Nb5 Qc6 10. dxc5 Bxc5 11. Nc3 d5 12. Bb5 Qc7 13. Bd3 a6 14. e4 dxe4 15. Nxe4 Nxe4 16. Bxe4 Bxe4 17. Rxe4 Nc6 18. Qe2 Rad8 19. c3 Ne7 20. g4 Rd7 21. Qc2 Rfd8 22. Bd2 Rd3 23. Kg2 Qc6 24. Rae1 Rxf3 25. Kxf3 f5 26. Kg2 fxe4 27. b4 e3+ 0-1

[Event "Schleswig Holstein-ch Seniors op 10th"]
[Site "Buesum"]
[Date "2016.09.26"]
[Round "1"]
[White "Gudat, Alfons"]
[Black "Baumast, Bernd"]
[Result "1-0"]
[WhiteElo "1930"]
[BlackElo "1565"]
[PlyCount "134"]
[EventDate "2016.09.26"]
[EventType "swiss"]
[EventRounds "9"]
[EventCountry "GER"]
[SourceTitle "EXT 2019"]
[Source "ChessBase"]
[SourceDate "2018.10.10"]
[SourceVersion "1"]
[SourceVersionDate "2018.10.10"]
[SourceQuality "1"]

1. e4 d5 2. exd5 Qxd5 3. Nc3 Qa5 4. Bc4 e6 5. Nf3 Bb4 6. 0-0 Nf6 7. Re1 Bxc3 8. dxc3 b5 9. b4 Qb6 10. Be3 Qb7 11. Bb3 0-0 12. Bc5 Re8 13. a4 a6 14. Qe2 Nbd7 15. axb5 axb5 16. Rxa8 Qxa8 17. Qxb5 Bb7 18. Bd4 Bxf3 19. Bxf6 Nxf6 20. gxf3 Qxf3 21. Re3 Qd1+ 22. Qf1 Qd2 23. Qe2 Qc1+ 24. Kg2 Rd8 25. Qf3 h6 26. Rd3 Rb8 27. Qe3 Qa1 28. Qe5 Qa8+ 29. f3 Qc6 30. Rd4 Rb5 31. Qe3 Rg5+ 32. Kf2 Qa8 33. Qd3 Nd5 34. c4 Qa6 35. Rg4 Qa7+ 36. c5 Rxg4 37. fxg4 Nxb4 38. Qd8+ Kh7 39. Qd4 Qb7 40. c3 Nd5 41. Bc2+ g6 42. c4 Nb4 43. Be4 Qa7 44. Kg3 Qa3+ 45. Bf3 Qd3 46. Qf6 Qd7 47. h4 Kg8 48. h5 Kh7 49. Be4 Qe8 50. Qb2 Na6 51. Qd4 Qe7 52. c6 Qa3+ 53. Bf3 Qe7 54. Kg2 g5 55. Qd7 Qf6 56. Be4+ Kg7 57. Bc2 Qb2 58. Qd3 Nc5 59. Qh7+ Kf8 60. Qxh6+ Qg7 61. Qxg7+ Kxg7 62. Kf3 Na6 63. Ke4 Nb4 64. Ba4 f6 65. Kd4 Na6 66. Bb5 e5+ 67. Ke4 Kf7 1-0

[Event "Hessen-ch Seniors op 12th"]
[Site "Bad Sooden-Allendorf"]
[Date "2016.05.04"]
[Round "5"]
[White "Baumast, Bernd"]
[Black "Fuchs, Manfred"]
[Result "0-1"]
[WhiteElo "1570"]
[BlackElo "1750"]
[PlyCount "40"]
[EventDate "2016.04.30"]
[EventType "swiss"]
[EventRounds "9"]
[EventCountry "GER"]
[SourceTitle "EXT 2019"]
[Source "ChessBase"]
[SourceDate "2018.10.10"]
[SourceVersion "1"]
[SourceVersionDate "2018.10.10"]
[SourceQuality "1"]

1. b4 e5 2. Bb2 d6 3. g3 c6 4. Bg2 Be7 5. f4 Nd7 6. Nf3 Qb6 7. fxe5 dxe5 8. Nxe5 Bf6 9. Nxd7 Bxd7 10. Bxf6 Nxf6 11. a3 0-0 12. e3 Rfe8 13. 0-0 Rad8 14. c4 Bg4 15. Bf3 Bh3 16. Bg2 Bxg2 17. Kxg2 Rxe3 18. Rf3 Rxf3 19. Kxf3 Qd4 20. Ra2 Qg4+ 0-1

[Event "Hessen-ch Seniors op 12th"]
[Site "Bad Sooden-Allendorf"]
[Date "2016.05.01"]
[Round "2"]
[White "Baumast, Bernd"]
[Black "Husser, Oskar"]
[Result "0-1"]
[WhiteElo "1570"]
[BlackElo "1827"]
[PlyCount "103"]
[EventDate "2016.04.30"]
[EventType "swiss"]
[EventRounds "9"]
[EventCountry "GER"]
[SourceTitle "EXT 2019"]
[Source "ChessBase"]
[SourceDate "2018.10.10"]
[SourceVersion "1"]
[SourceVersionDate "2018.10.10"]
[SourceQuality "1"]

1. b4 a5 2. b5 b6 3. Bb2 Bb7 4. e3 e6 5. Nf3 Nf6 6. Be2 Be7 7. 0-0 0-0 8. d3 d5 9. Ne5 c5 10. Nd2 Nbd7 11. Ndf3 Nxe5 12. Nxe5 Nd7 13. c4 Nxe5 14. Bxe5 Bf6 15. Bxf6 Qxf6 16. Bf3 Ra7 17. a4 Rd8 18. Qe2 dxc4 19. dxc4 Bxf3 20. Qxf3 Qxf3 21. gxf3 Rad7 22. Rfc1 Rd2 23. Kf1 Kf8 24. Ke1 Ke7 25. Rd1 Rc2 26. Rxd8 Kxd8 27. f4 Rxc4 28. Kd2 Ke7 29. Kd3 Rb4 30. h3 f6 31. Kc3 e5 32. f5 Rh4 33. Rg1 g5 34. fxg6 hxg6 35. Rxg6 Rxa4 36. Rg7+ Ke6 37. Rb7 Rb4 38. Rxb6+ Kf5 39. Rc6 Rxb5 40. Kc4 Rb2 41. Rxc5 Rc2+ 42. Kb5 Rxc5+ 43. Kxc5 Kg5 44. Kb5 Kh4 45. Kxa5 Kxh3 46. Kb4 Kg2 47. f4 exf4 48. exf4 f5 49. Kc4 Kf3 50. Kd3 Kxf4 51. Ke2 Kg3 52. Ke3 0-1

[Event "Schleswig Holstein-ch Seniors op 9th"]
[Site "Buesum"]
[Date "2015.10.02"]
[Round "5"]
[White "Schumacher, Ursula"]
[Black "Baumast, Bernd"]
[Result "1/2-1/2"]
[WhiteElo "1670"]
[BlackElo "1541"]
[PlyCount "84"]
[EventDate "2015.09.28"]
[EventType "swiss"]
[EventRounds "9"]
[EventCountry "GER"]
[SourceTitle "EXT 2018"]
[Source "ChessBase"]
[SourceDate "2017.10.13"]
[SourceVersion "1"]
[SourceVersionDate "2017.10.13"]
[SourceQuality "1"]

1. c4 e5 2. Nc3 Nc6 3. Nf3 d6 4. g3 Nf6 5. Bg2 Be7 6. 0-0 Rb8 7. d4 exd4 8. Nxd4 Nxd4 9. Qxd4 b6 10. Bc6+ Bd7 11. Bxd7+ Qxd7 12. e3 0-0 13. Kg2 a6 14. e4 h6 15. Be3 Rbd8 16. Rad1 Qe6 17. b3 Nh5 18. Qd3 Qg6 19. Nd5 Rd7 20. Rg1 Bg5 21. Kh1 Bxe3 22. Qxe3 Qe6 23. g4 Nf6 24. Nf4 Qe5 25. Nd3 Qg5 26. Qxg5 hxg5 27. Nb4 a5 28. Nc6 Re8 29. Rge1 Re6 30. Kg2 Nh7 31. Kf1 f6 32. Rd5 Nf8 33. Red1 Ng6 34. Nd4 Re5 35. Nf5 Rxd5 36. cxd5 Kf7 37. Rc1 Ne5 38. Ke2 Ke8 39. Nd4 Kd8 40. Ne6+ Kc8 41. a4 Rf7 42. Nd4 Nd7 1/2-1/2

[Event "GER-chB Seniors 27th"]
[Site "Magdeburg"]
[Date "2015.08.23"]
[Round "9"]
[White "Baumast, Bernd"]
[Black "Koehler, Marianne"]
[Result "1/2-1/2"]
[WhiteElo "1541"]
[BlackElo "1675"]
[PlyCount "73"]
[EventDate "2015.08.15"]
[EventType "swiss"]
[EventRounds "9"]
[EventCountry "GER"]
[SourceTitle "EXT 2018"]
[Source "ChessBase"]
[SourceDate "2017.10.13"]
[SourceVersion "1"]
[SourceVersionDate "2017.10.13"]
[SourceQuality "1"]

1. e4 e6 2. b3 Be7 3. Bb2 Nf6 4. Nf3 d6 5. Bb5+ c6 6. Be2 e5 7. Nc3 Bg4 8. h3 Bxf3 9. Bxf3 Nbd7 10. d4 exd4 11. Qxd4 Ne5 12. Be2 Qb6 13. Qxb6 axb6 14. Bd3 Nfd7 15. 0-0 0-0 16. a4 Nc5 17. Be2 Ne6 18. f4 Nd7 19. Bg4 Nf6 20. Ba3 Nxg4 21. hxg4 Nd4 22. Rf2 c5 23. Rd1 b5 24. Nd5 Bd8 25. b4 Rxa4 26. Bb2 Nc6 27. bxc5 dxc5 28. Nc3 Ra5 29. Rd7 b4 30. Nd5 c4 31. Rxb7 c3 32. Bc1 Ra1 33. Rf1 Nd4 34. Rxb4 Ne2+ 35. Kf2 Rxc1 36. Kxe2 Rxc2+ 37. Kf3 1/2-1/2

[Event "GER-chB Seniors 27th"]
[Site "Magdeburg"]
[Date "2015.08.21"]
[Round "7"]
[White "Baumast, Bernd"]
[Black "Nemoj, Ilja"]
[Result "0-1"]
[WhiteElo "1541"]
[BlackElo "1783"]
[PlyCount "34"]
[EventDate "2015.08.15"]
[EventType "swiss"]
[EventRounds "9"]
[EventCountry "GER"]
[SourceTitle "EXT 2018"]
[Source "ChessBase"]
[SourceDate "2017.10.13"]
[SourceVersion "1"]
[SourceVersionDate "2017.10.13"]
[SourceQuality "1"]

1. e4 d6 2. d4 g6 3. Nc3 Bg7 4. Be2 Nd7 5. Be3 e5 6. d5 a6 7. Bg4 Ne7 8. Qd2 h6 9. Nge2 f5 10. exf5 Nxf5 11. f4 Qh4+ 12. g3 Nxg3 13. Bxd7+ Bxd7 14. Nxg3 Bg4 15. Bf2 Qe7 16. Nge2 exf4 17. Qxf4 Bxc3+ 0-1